Rhymes with 'Meme' Quiz Stats

 Plays Quiz Updated Jan 25, 2018

Score 0/19 Timer 02:00
5 Plays Today
% Correct
beam
93.8%
team
88.1%
cream
85.4%
deem
83.4%
dream
82%
seem
81.4%
seam
77.3%
ream
75.1%
steam
71.9%
bream
58%
% Correct
teem
57.2%
gleam
53.7%
stream
51.5%
theme
41.1%
scream
38.8%
scheme
37%
deme
20%
neem
14.8%
seme
7.5%

You're not logged in!

Compare scores with friends on all Sporcle quizzes.
OR
Log In

Sporcle TV

Today on Sporcle TV


Watch our educational content, quiz creation guides, and fun videos on Sporcle TV.

Show Comments

Extras

Top Quizzes Today


Score Distribution

Your Account Isn't Verified!

In order to create a playlist on Sporcle, you need to verify the email address you used during registration. Go to your Sporcle Settings to finish the process.

Report this User

Report this user for behavior that violates our Community Guidelines.

Details: